Guerres de fiction - Statistiques

Statistiques générales
  • Ce quiz a été pris 22 fois
    5 depuis la dernière actualisation
  • Le résultat moyen est 13 sur 36
Statistiques - réponses
Guerre Univers % Correct
Guerre de l'Infini Avengers
100%
Guerre de l'Anneau Le Seigneur des Anneaux
100%
Guerre au Sommet One Piece
100%
Guerre des Clones Star Wars
100%
Guerre des Dragonniers Eragon
67%
Guerre des Cinq Rois Game of Thrones
67%
Deuxième Guerre des Sorciers Harry Potter
67%
Guerre de Troie Iliade
67%
Quatrième Grande Guerre Ninja Naruto Shippuden
67%
Guerre des Ehlnofeys The Elder Scrolls
67%
Deuxième invasion de la Légionardente sur Azeroth World of Warcraft
67%
Guerre Sanglante Millénaire Bleach
33%
Guerre du Temps Doctor Who
33%
Stone Wars Dr Stone
33%
Guerre Civile d'Ishbal Full Metal Alchemist
33%
Guerre picrocholine Gargantua
33%
Danse des Dragons House of the Dragon
33%
Guerre du Grand Chapo Les Aventures de Tintin
33%
Guerre de Libération du Paranormal My Hero Academia
33%
Guerre des Ogres Once upon a time
33%
Nouvelle Guerre Sainte Seven Deadly Sins
33%
Guerre du Dominion Star Trek
33%
Guerre contre les Machines Terminator
33%
Guerre du Sceau The Legend of Zelda
33%
Guerre des Trois Cieux Tokyo Revengers
33%
Guerre du Péché Diablo
0%
Guerre du/de Sang/Guerre Sanglante Donjons & Dragons
0%
Guerre des Immortels Dragon Quest
0%
Grande révolte/Jihad butlérien Dune
0%
Guerre des Archons Genshin Impact
0%
Guerre de Joui Gintama
0%
Guerre Galaxique/Grande Guerre Goldorak
0%
Guerre de la Délivrance Le Monde de Narnia
0%
Guerre d'Un An Mobile Suit Gundam
0%
Seconde Guerre des Titans Percy Jackson
0%
Guerre contre la piraterie Pirates des Caraibes
0%
Aucun quiz correspondant
Distribution des résultats
% des personnes avec chaque résultat
Percentile par nombre de réponses
Votre historique - résultats
Vous n’avez pas pris ce quiz depuis la dernière actualisation